La perspectiva curvilínea (Record no. 29381)

MARC details
000 -LEADER
campo de control de longitud fija 00890nam a2200277 i 4500
001 - NÚMERO DE CONTROL
campo de control 29381
003 - IDENTIFICADOR DE NÚMERO DE CONTROL
campo de control ES-MaACL
005 - FECHA Y HORA DE LA ÚLTIMA TRANSACCIÓN
campo de control 20250815151543.0
007 - CAMPO FIJO DE DESCRIPCIÓN FÍSICA--INFORMACIÓN GENERAL
campo de control de longitud fija t|
008 - DATOS DE LONGITUD FIJA--INFORMACIÓN GENERAL
campo de control de longitud fija 030121s1985 sp ||||1| spa d
020 ## - NÚMERO INTERNACIONAL ESTÁNDAR DEL LIBRO
Número Internacional Estándar del Libro 84-7509-362-0
100 1# - ENTRADA PRINCIPAL--NOMBRE DE PERSONA
Nombre de persona Barre, André.
9 (RLIN) 25871
245 13 - MENCIÓN DEL TÍTULO
Título La perspectiva curvilínea
Resto del título : del espacio a la imagen construida /
Mención de responsabilidad, etc. André Barre y Albert Flocon ; prefacio de Georges Bouligand ; traducción de Irene Agoff.
250 ## - MENCION DE EDICION
Mención de edición 1ª ed.
260 ## - PUBLICACIÓN, DISTRIBUCIÓN, ETC.
Lugar de publicación, distribución, etc. Barcelona, etc. :
Nombre del editor, distribuidor, etc. Paidós,
Fecha de publicación, distribución, etc. 1985.
300 ## - DESCRIPCIÓN FÍSICA
Extensión 193 p. :
Otras características físicas il. ;
Dimensiones 21 cm.
490 1# - MENCIÓN DE SERIE
Mención de serie Paidós estética ;
Designación de volumen o secuencia 5
500 ## - NOTA GENERAL
Nota general Indice.
504 ## - NOTA DE BIBLIOGRAFÍA, ETC.
Nota de bibliografía, etc. Bibliografía.
700 1# - ENTRADA AGREGADA--NOMBRE PERSONAL
Nombre de persona Flocón, Albert.
9 (RLIN) 51227
700 1# - ENTRADA AGREGADA--NOMBRE PERSONAL
Nombre de persona Bouligand, Georges.
9 (RLIN) 30918
700 1# - ENTRADA AGREGADA--NOMBRE PERSONAL
Nombre de persona Agoff, Irene.
9 (RLIN) 18569
830 00 - PUNTO DE ACCESO ADICIONAL DE SERIE-TÍTULO UNIFORME
Título uniforme Paidós estética
Designación de volumen o secuencia 5
9 (RLIN) 180302
852 ## - LOCALIZACIÓN
Ubicación ES-MaACL
Número de control de estantería L-10533
Sublocalización o colección R.111196
Holdings
Estatus retirado Estado de pérdida Estado de daño No para préstamo Biblioteca de origen Biblioteca actual Ubicación en estantería Fecha de adquisición Fuente de adquisición Total de préstamos Signatura topográfica completa Código de barras Visto por última vez Precio de reemplazo Tipo de ítem Koha
        Biblioteca del Ateneo de Madrid Biblioteca del Ateneo de Madrid Depósito 2 17/01/2008     L-10533 1030333 23/02/2023 23/02/2023 Libro impreso